| 000 | 00839nam a22001337a 4500 | ||
|---|---|---|---|
| 040 | _cRUA | ||
| 082 | _aAVM SRI 2011 B100 Or.1 | ||
| 100 | _aSRIM, SOTHEARA. | ||
| 245 | _aThe study on prevalance of sow metritis disease and effect of drug at medivet sala 5 farm in kampong chhnang province, សិក្សាពីកម្រិតនៃជំងឺរាលដាលរលាកស្បូនមេជ្រូកក្រោយពេលសំរាល និងប្រសិទ្ធភាពឳសថនៅក្នុងសកិដ្ឋានមេឌីវេតសាលាលេខ ៥ ខេត្តកំពង់ឆ្នាំង. | ||
| 260 |
_aphnom phen _bRUA _c2011 |
||
| 300 |
_aXII,41p. _bill. _c29cm. |
||
| 856 | _uhttps://drive.google.com/file/d/1932tJV8mb6XjnqR2bOpA-28kdXCMeOO3/view?usp=sharing | ||
| 942 | _cAVM | ||
| 999 |
_c2525 _d2525 |
||